000 00744nam a2200253 i 4500
001 C2-0217651
003 PPAK
005 20180728110145.0
008 990701s1998 my a|||| ||||| | may d
020 _a9831310985
040 _aPPAK
_beng
_cPPAK
_erda
082 0 4 _a363.125
_2 23
090 0 0 _a363.125
_bKEM
_dG
090 0 0 _a363.125
_bKEM
_dR
245 0 0 _aKemalangan jalan raya :
_bsatu tragedi atau dosa besar
264 1 _aKuala Lumpur :
_bDarulfikir ,
_c1998
300 _aix, 96 pages :
_billustrations ;
_c22 cm
336 _2rdacontent
_atext
337 _2rdamedia
_aunmediated
338 _2rdacarrier
_avolume
650 1 0 _aTraffic accidents. ; Traffic safety.
700 0 _aMohd. Ali Abu Bakar,
_ecompile
942 _ddc
_cB
999 _c160813
_d160813